[Event "30th 4NCL Congress"]
[Site "Daventry"]
[Date "2023.06.16"]
[Round "1"]
[Board "1"]
[White "Hebden, Mark L"]
[Black "Riis, Soren"]
[Result "1-0"]
[WhiteElo "2516"]
[BlackElo "2074"]
[PlyCount "47"]
[EventDate "2023.06.16"]
[EventRounds "5"]
[EventCountry "ENG"]

1. d4 Nf6 2. Nf3 e6 3. c3 c5 4. Bg5 Qb6 5. Qb3 Ne4 6. Bf4 Bd6 7. Bxd6 Qxd6 8. e3
b6 9. Na3 Qe7 10. Bd3 Bb7 11. Nb5 d6 12. Bxe4 Bxe4 13. dxc5 bxc5 14. O-O-O d5 15.
Ne5 O-O 16. f3 Bg6 17. h4 a6 18. Na3 Nd7 19. Qb7 Rad8 20. h5 Qd6 21. Nac4 Qb8 22.
Qxb8 Nxb8 23. hxg6 fxg6 24. Na5  1-0

[Event "30th 4NCL Congress"]
[Site "Daventry"]
[Date "2023.06.16"]
[Round "1"]
[Board "2"]
[White "Clarke, James"]
[Black "Davies, Nigel R"]
[Result "0-1"]
[WhiteElo "2071"]
[BlackElo "2424"]
[PlyCount "76"]
[EventDate "2023.06.16"]
[EventRounds "5"]
[EventCountry "ENG"]

1. e4 e6 2. d4 d5 3. e5 c5 4. c3 Ne7 5. Nf3 b6 6. Bb5+ Nec6 7. O-O Ba6 8. Bxa6 Nxa6
9. Qa4 Qc8 10. Re1 Qb7 11. Na3 h6 12. Nb5 O-O-O 13. Bf4 g5 14. Bg3 Rg8 15. Nd6+ Bxd6
16. exd6 c4 17. b4 Nab8 18. b5 Na5 19. Ne5 Rdf8 20. h3 f6 21. Nc6 Nbxc6 22. bxc6
Qxc6 23. Qxc6+ Nxc6 24. Rxe6 Kd7 25. Rae1 Re8 26. Rxe8 Rxe8 27. Rxe8 Kxe8 28. Kf1
b5 29. a3 a5 30. Ke2 b4 31. cxb4 axb4 32. axb4 Nxd4+ 33. Kd2 Kd7 34. f4 Nf5 35. Bf2
gxf4 36. Kc3 Nxd6 37. Kd4 Kc6 38. Be1 Nb5#  0-1

[Event "30th 4NCL Congress"]
[Site "Daventry"]
[Date "2023.06.16"]
[Round "1"]
[Board "3"]
[White "Lawton, Geoff W"]
[Black "Alldritt, Nigel RE"]
[Result "1-0"]
[WhiteElo "2369"]
[BlackElo "2069"]
[PlyCount "65"]
[EventDate "2023.06.16"]
[EventRounds "5"]
[EventCountry "ENG"]

1. Nf3 Nf6 2. g3 g6 3. Bg2 Bg7 4. O-O O-O 5. d4 d5 6. c4 c6 7. Nbd2 Ne4 8. e3 Nxd2
9. Nxd2 dxc4 10. Nxc4 Be6 11. b3 Bd5 12. Ba3 Nd7 13. Rc1 Bxg2 14. Kxg2 Re8 15. Qc2
Rc8 16. Rfd1 Qc7 17. b4 Qb8 18. Bb2 Nb6 19. Na5 e5 20. dxe5 Bxe5 21. a3 Re7 22. Bxe5
Qxe5 23. Qc5 Qxc5 24. Rxc5 Rce8 25. Rc2 Kg7 26. Nb3 Nd5 27. Rd3 h5 28. b5 Nf6 29.
bxc6 Rc7 30. Nd4 bxc6 31. Nb5 Rb7 32. Nd6 Rd7 33. Nxe8+  1-0

[Event "30th 4NCL Congress"]
[Site "Daventry"]
[Date "2023.06.16"]
[Round "1"]
[Board "4"]
[White "Ackley, Peter JE"]
[Black "Merriman, John"]
[Result "0-1"]
[WhiteElo "2065"]
[BlackElo "2356"]
[PlyCount "66"]
[EventDate "2023.06.16"]
[EventRounds "5"]
[EventCountry "ENG"]

1. g3 d5 2. Bg2 c5 3. Nf3 Nc6 4. d4 Nf6 5. O-O e6 6. c4 Be7 7. cxd5 exd5 8. b3 O-O
9. Bb2 Be6 10. Nc3 Re8 11. dxc5 Bxc5 12. Nb5 Qb6 13. Nbd4 Ne4 14. e3 Bg4 15. Nxc6
bxc6 16. Qc2 Rac8 17. Rac1 Bd6 18. Bd4 c5 19. Ba1 Bf8 20. Nd2 Nxd2 21. Qxd2 Rcd8
22. h3 Bf5 23. Rfd1 Be4 24. Bxe4 Rxe4 25. Rc3 Qe6 26. Rd3 d4 27. Qc2 Re8 28. Kh2
dxe3 29. Rxe3 Rxe3 30. fxe3 Qxe3 31. Rd2 h5 32. Qc3 Qe1 33. a4 Re3  0-1

[Event "30th 4NCL Congress"]
[Site "Daventry"]
[Date "2023.06.16"]
[Round "1"]
[Board "5"]
[White "Finn, Peter"]
[Black "Fowler, Hugo"]
[Result "1-0"]
[WhiteElo "2310"]
[BlackElo "2056"]
[PlyCount "65"]
[EventDate "2023.06.16"]
[EventRounds "5"]
[EventCountry "ENG"]

1. c4 c5 2. Nc3 Nf6 3. Nf3 d5 4. cxd5 Nxd5 5. e4 Nxc3 6. bxc3 e6 7. Be2 Nc6 8. O-O
Be7 9. d4 cxd4 10. cxd4 O-O 11. Bb2 b6 12. Qa4 Bb7 13. Rad1 Na5 14. d5 exd5 15. exd5
Bd6 16. Qg4 f6 17. Bd3 Rf7 18. Bf5 Bc8 19. Be6 Bxe6 20. dxe6 Rc7 21. Ba3 Nc4 22.
Bxd6 Nxd6 23. Qg3 Rc6 24. Nd4 Rc5 25. Nf5 Rxf5 26. Rxd6 Qe8 27. Rfd1 Re5 28. f4 Rc5
29. Rd7 g6 30. Qh4 Rh5 31. Qxf6 Qf8 32. Rd8 Rxd8 33. Rxd8  1-0

[Event "30th 4NCL Congress"]
[Site "Daventry"]
[Date "2023.06.16"]
[Round "1"]
[Board "6"]
[White "Patel, Zain"]
[Black "Okhai, Shabir"]
[Result "1/2-1/2"]
[WhiteElo "2040"]
[BlackElo "2289"]
[PlyCount "85"]
[EventDate "2023.06.16"]
[EventRounds "5"]
[EventCountry "ENG"]

1. d4 Nf6 2. Nf3 e6 3. c4 c5 4. d5 d6 5. Nc3 exd5 6. cxd5 g6 7. e4 a6 8. a4 Bg4 9.
Be2 Bxf3 10. Bxf3 Nbd7 11. O-O Bg7 12. Bf4 Qe7 13. Qb3 Rb8 14. a5 O-O 15. Na4 Ne5
16. Bxe5 Qxe5 17. Nb6 Qe7 18. Rfe1 Rfe8 19. Qa4 h5 20. Rad1 Nh7 21. b4 Bc3 22. bxc5
Bxe1 23. Rxe1 dxc5 24. e5 Rbd8 25. h4 Nf6 26. Re3 Nd7 27. d6 Nxb6 28. dxe7 Nxa4 29.
exd8=Q Rxd8 30. Bxb7 c4 31. Bxa6 Rd1+ 32. Kh2 c3 33. Bd3 Rd2 34. a6 c2 35. a7 Nb6
36. Bxc2 Rxc2 37. Rb3 Ra2 38. Rxb6 Rxa7 39. Kg3 Ra4 40. e6 Rg4+ 41. Kh3 fxe6 42.
Rxe6 Kf7 43. Rb6  1/2-1/2

[Event "30th 4NCL Congress"]
[Site "Daventry"]
[Date "2023.06.16"]
[Round "1"]
[Board "7"]
[White "Boswell, Jacob Connor"]
[Black "De Coverly, Roger D"]
[Result "1-0"]
[WhiteElo "2272"]
[BlackElo "2034"]
[PlyCount "75"]
[EventDate "2023.06.16"]
[EventRounds "5"]
[EventCountry "ENG"]

1. d4 Nf6 2. c4 g6 3. Nf3 Bg7 4. g3 O-O 5. Bg2 d6 6. O-O c6 7. Nc3 a6 8. a4 a5 9.
e4 Bg4 10. h3 Bxf3 11. Qxf3 Na6 12. Be3 Nd7 13. Rad1 Qc7 14. Qe2 e6 15. f4 f5 16.
Qd2 Rae8 17. Kh2 Qb8 18. Bg1 Nb4 19. Bf3 fxe4 20. Bxe4 d5 21. cxd5 exd5 22. Bb1 Nf6
23. f5 Ne4 24. Nxe4 dxe4 25. fxg6 hxg6 26. Rxf8+ Bxf8 27. Qg5 Qd6 28. Re1 Nd5 29.
Rxe4 Rxe4 30. Bxe4 Kh7 31. h4 Bh6 32. Qg4 Ne7 33. h5 Kg7 34. hxg6 Nxg6 35. d5 cxd5
36. Bd4+ Kh7 37. Qf5 Bg7 38. Qf7  1-0

[Event "30th 4NCL Congress"]
[Site "Daventry"]
[Date "2023.06.16"]
[Round "1"]
[Board "8"]
[White "Subramanian, Anusha"]
[Black "Khoury, Theo"]
[Result "1-0"]
[WhiteElo "2034"]
[BlackElo "2270"]
[PlyCount "91"]
[EventDate "2023.06.16"]
[EventRounds "5"]
[EventCountry "ENG"]

1. e4 c5 2. Nf3 d6 3. Bb5+ Nd7 4. c4 Ngf6 5. Nc3 g6 6. d3 Bg7 7. h3 O-O 8. a3 Qc7
9. Ba4 b6 10. O-O Bb7 11. Rb1 a6 12. Qe2 Rfd8 13. Bd2 e6 14. b4 d5 15. e5 Ne8 16.
cxd5 exd5 17. e6 Ne5 18. Nxe5 Bxe5 19. exf7+ Kxf7 20. Rfe1 Bf6 21. Qe6+ Kg7 22. Bxe8
Rxe8 23. Bh6+ Kxh6 24. Qxf6 d4 25. Ne2 Qc6 26. Qh4+ Kg7 27. Nf4 Qf6 28. Qg4 Kh8 29.
bxc5 b5 30. Re6 Rxe6 31. Nxe6 Re8 32. Ng5 Re5 33. h4 Rxc5 34. Qd7 Rxg5 35. hxg5 Qc6
36. Qxc6 Bxc6 37. Rb4 a5 38. Rxd4 Kg7 39. Rd6 Be8 40. Re6 Kf7 41. Re5 b4 42. Rxa5
b3 43. Ra7+ Ke6 44. Rb7 Kf5 45. Rxb3 Kxg5 46. Rb4  1-0

[Event "30th 4NCL Congress"]
[Site "Daventry"]
[Date "2023.06.16"]
[Round "1"]
[Board "9"]
[White "Southcott-Moyers, Indy"]
[Black "Dasgupta, Avyukt"]
[Result "1/2-1/2"]
[WhiteElo "2237"]
[BlackElo "2028"]
[PlyCount "115"]
[EventDate "2023.06.16"]
[EventRounds "5"]
[EventCountry "ENG"]

1. d4 d5 2. c4 c6 3. Nf3 Nf6 4. e3 Bf5 5. Nc3 e6 6. Nh4 Bg6 7. Nxg6 hxg6 8. Bd2 Nbd7
9. Qc2 Bb4 10. a3 Bxc3 11. Bxc3 Qb8 12. h3 Ne4 13. Bd3 Ndf6 14. a4 Qd6 15. a5 O-O
16. O-O c5 17. dxc5 Nxc5 18. b4 Nxd3 19. Qxd3 Rfd8 20. c5 Qc6 21. Bd4 a6 22. b5 axb5
23. Rfb1 Ra6 24. Qxb5 Nd7 25. Qxb7 Qxb7 26. Rxb7 e5 27. Bc3 Nxc5 28. Rb5 d4 29. Rxc5
dxc3 30. Rxc3 Rd5 31. Rca3 f6 32. Kf1 Kf7 33. Ke2 Ke6 34. R1a2 g5 35. Ra4 g6 36.
g3 f5 37. e4 Rc5 38. exf5+ Kxf5 39. R2a3 Ke6 40. Kf3 Kf5 41. Ke3 Ke6 42. f4 gxf4+
43. gxf4 Kf5 44. h4 e4 45. Kd4 Rc1 46. Ke3 Re1+ 47. Kf2 Rd1 48. Re3 Rd2+ 49. Ke1
Rd5 50. Raxe4 Rdxa5 51. Kf2 Ra4 52. Kf3 Rxe4 53. Rxe4 Ra3+ 54. Re3 Rxe3+ 55. Kxe3
Kg4 56. Ke4 Kxh4 57. f5 gxf5+ 58. Kxf5  1/2-1/2

[Event "30th 4NCL Congress"]
[Site "Daventry"]
[Date "2023.06.16"]
[Round "1"]
[Board "10"]
[White "Mesesan, Mircea-Marius"]
[Black "Shearsby, Jude"]
[Result "1-0"]
[WhiteElo "2026"]
[BlackElo "2233"]
[PlyCount "93"]
[EventDate "2023.06.16"]
[EventRounds "5"]
[EventCountry "ENG"]

1. e4 c5 2. Nf3 d6 3. g3 Nf6 4. d3 g6 5. Bg2 Bg7 6. O-O O-O 7. Re1 Nc6 8. Nbd2 e5
9. Nf1 h6 10. h3 Be6 11. c4 Rb8 12. Ne3 b5 13. cxb5 Rxb5 14. b3 Nd4 15. Nxd4 cxd4
16. Nc4 Bxc4 17. bxc4 Rb7 18. Bd2 Qd7 19. Rb1 Rfb8 20. Qc2 Qc6 21. Rb3 Qa4 22. Reb1
Nd7 23. Bf1 Kh7 24. R1b2 Nc5 25. Rxb7 Qxc2 26. Rxb8 Qd1 27. Bb4 Na4 28. Rb3 h5 29.
Bxd6 h4 30. gxh4 Nc3 31. Rb2 Qh5 32. c5 Qxh4 33. c6 Qg5+ 34. Kh1 Qc1 35. c7 Qxf1+
36. Kh2 Ne2 37. Rxe2 Qxe2 38. Kg2 Qxd3 39. c8=Q Qxe4+ 40. Kh2 Qf4+ 41. Kg1 Qg5+ 42.
Qg4 Qc1+ 43. Kh2 Qe1 44. Qh4+ Bh6 45. Bf8 Qd2 46. Bxh6 Qxh6 47. Rh8+  1-0

[Event "30th 4NCL Congress"]
[Site "Daventry"]
[Date "2023.06.16"]
[Round "1"]
[Board "11"]
[White "Valdepenas Octavio, Javier"]
[Black "Hatchett, Paul D"]
[Result "1-0"]
[WhiteElo "2218"]
[BlackElo "2011"]
[PlyCount "65"]
[EventDate "2023.06.16"]
[EventRounds "5"]
[EventCountry "ENG"]

1. e4 Nf6 2. e5 Nd5 3. d4 d6 4. Nf3 dxe5 5. Nxe5 c6 6. Nf3 Bg4 7. c4 Nb6 8. c5 Nd5
9. Qb3 b6 10. Ne5 Be6 11. Qa4 Qc7 12. cxb6 Qxb6 13. Nc3 Qb4 14. Bc4 Qxa4 15. Nxa4
Nc7 16. Bxe6 Nxe6 17. Be3 f6 18. Nc4 f5 19. f3 g5 20. O-O Bg7 21. Rad1 f4 22. Bf2
Nc7 23. Rfe1 Nd7 24. Na5 Nb8 25. Rc1 Nd5 26. Nc5 Bf6 27. Ne4 Kd7 28. Rc4 Rc8 29.
Rec1 a6 30. a3 Ra7 31. Rc5 Ne3 32. Bxe3 fxe3 33. Kf1  1-0

[Event "30th 4NCL Congress"]
[Site "Daventry"]
[Date "2023.06.16"]
[Round "1"]
[Board "12"]
[White "Gordon, Sean"]
[Black "Raju, Sooraj Menothuparambil"]
[Result "0-1"]
[WhiteElo "1998"]
[BlackElo "2209"]
[PlyCount "58"]
[EventDate "2023.06.16"]
[EventRounds "5"]
[EventCountry "ENG"]

1. Nf3 b6 2. e4 Bb7 3. d4 Bxe4 4. Nc3 Bb7 5. Bf4 e6 6. Be2 Bb4 7. O-O Bxc3 8. bxc3
Nf6 9. Re1 d6 10. Bd3 Nbd7 11. a4 a5 12. h4 h6 13. c4 Qe7 14. Rb1 O-O-O 15. Qe2 g5
16. hxg5 hxg5 17. Nxg5 Rdg8 18. Bd2 Rh4 19. d5 Rgh8 20. f3 Ne5 21. dxe6 fxe6 22.
Kf2 Bxf3 23. Nxf3 Neg4+ 24. Kf1 Rh1+ 25. Ng1 Nh2+ 26. Kf2 Nfg4+ 27. Kg3 Qh4+ 28.
Kf4 Rf8+ 29. Ke4 Nf2+  0-1

[Event "30th 4NCL Congress"]
[Site "Daventry"]
[Date "2023.06.16"]
[Round "1"]
[Board "13"]
[White "Dignam, Matthew P"]
[Black "Vijayakumar, Rishi"]
[Result "0-1"]
[WhiteElo "2204"]
[BlackElo "1998"]
[PlyCount "88"]
[EventDate "2023.06.16"]
[EventRounds "5"]
[EventCountry "ENG"]

1. e4 c6 2. d4 d5 3. e5 Bf5 4. Nd2 e6 5. Nb3 a6 6. Nf3 c5 7. Nxc5 Bxc5 8. dxc5 Qa5+
9. c3 Qxc5 10. Nd4 Ne7 11. Nxf5 Nxf5 12. Bd3 d4 13. cxd4 Qb4+ 14. Bd2 Qxb2 15. O-O
O-O 16. d5 Qxe5 17. dxe6 fxe6 18. Bc4 Nc6 19. Re1 Qd4 20. Bxe6+ Kh8 21. Rc1 Nh4 22.
Be3 Qf6 23. Bc5 Rfe8 24. Bh3 Rxe1+ 25. Qxe1 Ne5 26. Qe3 Re8 27. Kh1 Qf7 28. Re1 Nhg6
29. Bd4 Re7 30. Qc3 Nc6 31. Rxe7 Qxe7 32. Be3 Qd6 33. Bg4 Qb4 34. Qxb4 Nxb4 35. Be6
Nf8 36. Bb3 Nd7 37. Bd4 Nc6 38. Bb2 Nc5 39. Bd5 Nd3 40. Bxc6 bxc6 41. Bd4 c5 42.
Be3 c4 43. Bd4 Nc1 44. a3 Ne2  0-1

[Event "30th 4NCL Congress"]
[Site "Daventry"]
[Date "2023.06.16"]
[Round "1"]
[Board "14"]
[White "Gopakumar, Siddharth"]
[Black "Fava, Lorenzo"]
[Result "0-1"]
[WhiteElo "1997"]
[BlackElo "2203"]
[PlyCount "36"]
[EventDate "2023.06.16"]
[EventRounds "5"]
[EventCountry "ENG"]

1. e4 g6 2. d4 Bg7 3. Nc3 d6 4. f4 Nc6 5. d5 Nb8 6. Be3 c6 7. Bd4 Nf6 8. e5 dxe5
9. Bxe5 O-O 10. Bc4 Qb6 11. Qc1 cxd5 12. Bxd5 Nxd5 13. Bxg7 Qe6+ 14. Be5 Nxc3 15.
bxc3 f6 16. Qe3 fxe5 17. fxe5 Nc6 18. Nf3 Qc4  0-1

[Event "30th 4NCL Congress"]
[Site "Daventry"]
[Date "2023.06.16"]
[Round "1"]
[Board "15"]
[White "Chan, Sheng Liang Bernard"]
[Black "Moyse, Nigel J"]
[Result "1-0"]
[WhiteElo "2197"]
[BlackElo "1991"]
[PlyCount "53"]
[EventDate "2023.06.16"]
[EventRounds "5"]
[EventCountry "ENG"]

1. e4 d6 2. d4 Nf6 3. Nc3 g6 4. f4 Bg7 5. Nf3 c5 6. Bb5+ Bd7 7. e5 Ng4 8. Bxd7+ Qxd7
9. dxc5 dxe5 10. Qxd7+ Nxd7 11. h3 Nh6 12. fxe5 Nxc5 13. Be3 Ne6 14. g4 Nc7 15. O-O-O
Ng8 16. Rhe1 h5 17. g5 e6 18. Ne4 Bf8 19. Nd6+ Bxd6 20. exd6 Na6 21. Ne5 Rh7 22.
Rf1 Rg7 23. d7+ Ke7 24. Bxa7 f6 25. gxf6+ Nxf6 26. d8=Q+ Rxd8 27. Rxd8  1-0

[Event "30th 4NCL Congress"]
[Site "Daventry"]
[Date "2023.06.16"]
[Round "1"]
[Board "16"]
[White "Kothari, Jai"]
[Black "Payne, Matthew J"]
[Result "0-1"]
[WhiteElo "1980"]
[BlackElo "2169"]
[PlyCount "124"]
[EventDate "2023.06.16"]
[EventRounds "5"]
[EventCountry "ENG"]

1. e4 e6 2. d4 d5 3. Nc3 Nf6 4. e5 Nfd7 5. f4 c5 6. Nf3 Nc6 7. Be3 Be7 8. Qd2 a6
9. a3 b5 10. Be2 Qb6 11. dxc5 Bxc5 12. Bxc5 Qxc5 13. Bd3 f6 14. Qe2 O-O 15. exf6
Nxf6 16. O-O-O b4 17. axb4 Qxb4 18. Nb1 Rb8 19. c3 Qxf4+ 20. Qd2 Qxd2+ 21. Rxd2 e5
22. Bc2 e4 23. Nd4 Nxd4 24. Rxd4 Be6 25. c4 Rb4 26. Rhd1 Rxc4 27. Rxc4 dxc4 28. Nc3
e3 29. Re1 Nd5 30. Nxd5 Bxd5 31. Rxe3 Bxg2 32. Kd2 Bc6 33. Kc3 Rf4 34. b3 cxb3 35.
Bxb3+ Kf8 36. Re6 Rf3+ 37. Kc2 Rxb3 38. Rxc6 Rh3 39. Rxa6 Rxh2+ 40. Kd3 Rf2 41. Ke3
Rf6 42. Ra7 h5 43. Rb7 g6 44. Ke4 Rf7 45. Rb6 Kg7 46. Ke5 h4 47. Ra6 Rf5+ 48. Ke4
h3 49. Ra2 Kf6 50. Rh2 Rh5 51. Kf4 g5+ 52. Kg3 Kf5 53. Rf2+ Ke4 54. Re2+ Kd3 55.
Rh2 Ke3 56. Kg4 Rh8 57. Kg3 Rh4 58. Rxh3 Rxh3+ 59. Kxh3 Kf3 60. Kh2 g4 61. Kg1 Kg3
62. Kh1 Kf2  0-1

[Event "30th 4NCL Congress"]
[Site "Daventry"]
[Date "2023.06.16"]
[Round "1"]
[Board "17"]
[White "Merriman, James"]
[Black "Obi, Okwose Marc"]
[Result "1-0"]
[WhiteElo "2164"]
[BlackElo "1964"]
[PlyCount "119"]
[EventDate "2023.06.16"]
[EventRounds "5"]
[EventCountry "ENG"]

1. d4 d5 2. c4 e6 3. Nc3 f5 4. g3 Nf6 5. Bg2 c6 6. Nf3 Bd6 7. O-O Nbd7 8. Qc2 Ne4
9. c5 Bc7 10. Rb1 a5 11. a3 O-O 12. b4 axb4 13. axb4 e5 14. dxe5 Nxe5 15. Nxe5 Bxe5
16. Bb2 Nxc3 17. Bxc3 Bxc3 18. Qxc3 f4 19. b5 fxg3 20. hxg3 Bf5 21. bxc6 bxc6 22.
Rb6 Qc7 23. Rd1 Kh8 24. Rd4 Rfb8 25. Rdb4 Rxb6 26. Rxb6 Rb8 27. Qb4 Ra8 28. Qb2 Qc8
29. Rb7 Qf8 30. Qe5 h6 31. Re7 Bg6 32. Re6 Re8 33. Bh3 Rxe6 34. Qxe6 Qe8 35. Bf5
Qxe6 36. Bxe6 Be8 37. Kg2 g6 38. Kf3 Kg7 39. Ke3 Kf6 40. Bc8 h5 41. f4 g5 42. fxg5+
Kxg5 43. Kd4 h4 44. gxh4+ Kxh4 45. e4 dxe4 46. Kxe4 Kg5 47. Ke5 Kg6 48. Kd6 Kf6 49.
Bb7 Bg6 50. Bxc6 Bd3 51. Ba4 Be4 52. Bb3 Bb7 53. Bd5 Ba6 54. c6 Bc8 55. c7 Kf5 56.
Bc6 Kf6 57. Bd7 Bb7 58. Kc5 Ke7 59. Kb6 Kxd7 60. Kxb7  1-0

[Event "30th 4NCL Congress"]
[Site "Daventry"]
[Date "2023.06.16"]
[Round "1"]
[Board "18"]
[White "Sheikh, Anum"]
[Black "Cave, Iwan"]
[Result "0-1"]
[WhiteElo "1954"]
[BlackElo "2142"]
[PlyCount "50"]
[EventDate "2023.06.16"]
[EventRounds "5"]
[EventCountry "ENG"]

1. e4 e5 2. Nf3 Nf6 3. Nxe5 d6 4. Nf3 Nxe4 5. Nc3 Nxc3 6. dxc3 Be7 7. Be3 O-O 8.
Qd2 Nd7 9. O-O-O Nf6 10. Bd3 c5 11. c4 b5 12. h4 Be6 13. Qe2 Qa5 14. Kb1 bxc4 15.
Bxc4 d5 16. Bd2 Qb6 17. Bb3 Rab8 18. Bf4 Rb7 19. c3 c4 20. Be3 Qa5 21. Bc2 Rxb2+
22. Kxb2 Qa3+ 23. Kb1 Rb8+ 24. Bb3 cxb3 25. Bd4 Bf5+  0-1

[Event "30th 4NCL Congress"]
[Site "Daventry"]
[Date "2023.06.16"]
[Round "1"]
[Board "19"]
[White "Longson, Sarah N"]
[Black "Gazis, George"]
[Result "1/2-1/2"]
[WhiteElo "2128"]
[BlackElo "1938"]
[PlyCount "94"]
[EventDate "2023.06.16"]
[EventRounds "5"]
[EventCountry "ENG"]

1. e4 c5 2. Nc3 Nc6 3. Bb5 Nd4 4. Nf3 g6 5. O-O Bg7 6. Re1 Nxb5 7. Nxb5 d5 8. exd5
a6 9. Nc3 Nf6 10. Qe2 Bg4 11. d3 O-O 12. h3 Bxf3 13. Qxf3 Re8 14. Bg5 Nd7 15. Qe3
Qb6 16. Rab1 Bd4 17. Qd2 Qd6 18. Qf4 Be5 19. Qe4 b5 20. Nd1 f5 21. Qf3 Nb6 22. Ne3
Ra7 23. c4 e6 24. dxe6 Rxe6 25. Nd5 Rd7 26. Nxb6 Qxb6 27. b3 Qd6 28. Rbd1 Kg7 29.
g3 Bc3 30. Rxe6 Qxe6 31. Qe3 Qc6 32. Bf4 Kf7 33. Bg5 Qd6 34. h4 Bd4 35. Qf3 Qe6 36.
Kg2 Bc3 37. h5 Rc7 38. hxg6+ hxg6 39. Rh1 Kg8 40. Qa8+ Rc8 41. Qb7 Bg7 42. Be3 bxc4
43. dxc4 Rc6 44. Qb8+ Rc8 45. Qb7 Rc6 46. Qa8+ Kf7 47. Qb7+ Kg8  1/2-1/2

[Event "30th 4NCL Congress"]
[Site "Daventry"]
[Date "2023.06.16"]
[Round "1"]
[Board "20"]
[White "Burton, Sean"]
[Black "Zakarian, Dimitrios Levon"]
[Result "0-1"]
[WhiteElo "1927"]
[BlackElo "2127"]
[PlyCount "50"]
[EventDate "2023.06.16"]
[EventRounds "5"]
[EventCountry "ENG"]

1. e4 c5 2. Nf3 e6 3. d4 cxd4 4. Nxd4 a6 5. c4 Nf6 6. Nc3 Qc7 7. a3 Be7 8. Be2 d6
9. O-O Nbd7 10. Be3 O-O 11. Rc1 b6 12. f3 Bb7 13. Qe1 Rfe8 14. Qf2 Rac8 15. Rfd1
Qb8 16. Nb3 Bd8 17. Na4 Bc6 18. Nc3 Bc7 19. g3 Qa8 20. Nd4 Bb7 21. b4 d5 22. exd5
exd5 23. cxd5 Nxd5 24. Nxd5 Bxd5 25. Rd2 Bxg3  0-1

[Event "30th 4NCL Congress"]
[Site "Daventry"]
[Date "2023.06.16"]
[Round "1"]
[Board "21"]
[White "Baer, Bruce L"]
[Black "Estevez Fernandez, Josue"]
[Result "1-0"]
[WhiteElo "2119"]
[BlackElo "1926"]
[PlyCount "95"]
[EventDate "2023.06.16"]
[EventRounds "5"]
[EventCountry "ENG"]

1. g3 d5 2. Bg2 Nf6 3. Nf3 e6 4. O-O Be7 5. d3 O-O 6. Nbd2 a5 7. e4 a4 8. e5 Nfd7
9. Re1 f6 10. exf6 Nxf6 11. Ne5 Nbd7 12. Ndf3 Nxe5 13. Nxe5 Nd7 14. f4 Nxe5 15. fxe5
c5 16. c4 Ra6 17. h4 dxc4 18. dxc4 Qxd1 19. Rxd1 Rf5 20. Re1 Rb6 21. Be4 Rf8 22.
Re2 Bd7 23. Be3 Bc6 24. Bxc6 bxc6 25. Rd1 Rfb8 26. Rd7 Bf8 27. Bc1 Rb4 28. Re4 g6
29. h5 R4b7 30. Rd3 Be7 31. Rg4 Kg7 32. Kg2 Rf8 33. h6+ Kg8 34. Ra3 Ra8 35. Kf3 Rd7
36. Re4 Rf8+ 37. Kg4 Rd1 38. Be3 Rb1 39. Rxa4 Rxb2 40. Ra7 Re8 41. a4 Rbb8 42. Bg5
Bxg5 43. Kxg5 Rf8 44. Rg7+ Kh8 45. Rf4 Rxf4 46. gxf4 Rf8 47. Re7 Ra8 48. Kf6  1-0

[Event "30th 4NCL Congress"]
[Site "Daventry"]
[Date "2023.06.16"]
[Round "1"]
[Board "22"]
[White "Hariharan, Shambavi"]
[Black "Gomez, Daniel"]
[Result "1/2-1/2"]
[WhiteElo "1808"]
[BlackElo "2103"]
[PlyCount "83"]
[EventDate "2023.06.16"]
[EventRounds "5"]
[EventCountry "ENG"]

1. d4 Nf6 2. c4 e6 3. Nf3 d5 4. g3 c6 5. Bg2 dxc4 6. Ne5 Bb4+ 7. Nc3 Nd5 8. Bd2 b5
9. O-O a5 10. e4 Ne7 11. a3 Bxc3 12. Bxc3 O-O 13. b3 cxb3 14. Qxb3 Nd7 15. Nxd7 Bxd7
16. Rfd1 Qb6 17. d5 cxd5 18. exd5 exd5 19. Bxd5 Be6 20. Bxe6 fxe6 21. Bd4 Qa6 22.
Bc5 Nd5 23. Bxf8 Rxf8 24. Rxd5 exd5 25. Qxd5+ Kh8 26. Qc5 Rc8 27. Qh5 h6 28. Re1
Qc6 29. Qf7 Qf6 30. Re8+ Rxe8 31. Qxe8+ Kh7 32. Qxb5 Qa1+ 33. Kg2 Qxa3 34. Qf5+ Kg8
35. Qe6+ Kf8 36. Qf5+ Ke7 37. Qe5+ Kf7 38. Qf5+ Ke8 39. Qg6+ Kf8 40. Qf5+ Kg8 41.
Qe6+ Kh8 42. Qc8+  1/2-1/2

[Event "30th 4NCL Congress"]
[Site "Daventry"]
[Date "2023.06.16"]
[Round "1"]
[Board "23"]
[White "Larkin, Benjamin"]
[Black "Hertog, Alexander"]
[Result "1-0"]
[WhiteElo "2097"]
[BlackElo "1800"]
[PlyCount "53"]
[EventDate "2023.06.16"]
[EventRounds "5"]
[EventCountry "ENG"]

1. e4 c6 2. Nc3 d5 3. Nf3 dxe4 4. Nxe4 Nd7 5. Bc4 e6 6. d4 Ngf6 7. Nxf6+ Nxf6 8.
Qe2 Nd5 9. c3 Bd6 10. O-O O-O 11. Bg5 Qc7 12. g3 h6 13. Bd2 c5 14. Bd3 b6 15. Qe4
Nf6 16. Qh4 Nh7 17. dxc5 bxc5 18. Rad1 f5 19. Qc4 Nf6 20. Bxf5 Nd5 21. Be4 Kh8 22.
Qe2 Qb6 23. c4 Ba6 24. b3 Rae8 25. Nh4 Kg8 26. Ng6 Rf7 27. Bxd5  1-0

[Event "30th 4NCL Congress"]
[Site "Daventry"]
[Date "2023.06.16"]
[Round "1"]
[Board "24"]
[White "Pang, Ethan"]
[Black "Krzyzanowski, Patryk"]
[Result "0-1"]
[WhiteElo "1769"]
[BlackElo "2092"]
[PlyCount "50"]
[EventDate "2023.06.16"]
[EventRounds "5"]
[EventCountry "ENG"]

1. e4 c5 2. Nc3 g6 3. d4 Bg7 4. dxc5 Bxc3+ 5. bxc3 Qa5 6. Ne2 Nf6 7. e5 Ne4 8. Be3
Nxc5 9. Qd5 Nba6 10. g3 O-O 11. Bg2 d6 12. exd6 exd6 13. Qxd6 Bg4 14. f3 Rfe8 15.
Bd4 Re6 16. Qf4 Bf5 17. Qh6 f6 18. Kd2 Rd8 19. g4 Bxc2 20. g5 Bd3 21. Nf4 Rxd4 22.
Nxe6 Nxe6 23. gxf6 Bf1+ 24. Kc2 Nb4+ 25. cxb4 Qa4+  0-1

[Event "30th 4NCL Congress"]
[Site "Daventry"]
[Date "2023.06.16"]
[Round "1"]
[Board "25"]
[White "Murawski, Jan"]
[Black "Pitts, Daniel"]
[Result "1-0"]
[WhiteElo "2091"]
[BlackElo "1731"]
[PlyCount "131"]
[EventDate "2023.06.16"]
[EventRounds "5"]
[EventCountry "ENG"]

1. d4 d5 2. c4 e6 3. Nc3 Nf6 4. Bg5 Be7 5. e3 c6 6. Nf3 h6 7. Bh4 Nbd7 8. cxd5 cxd5
9. Bd3 Nh7 10. Bg3 Ng5 11. O-O Nf6 12. Nb5 O-O 13. Nxg5 hxg5 14. Nc7 Rb8 15. Nxd5
Qxd5 16. Bxb8 b6 17. Be5 Bb7 18. f3 Nh7 19. Be4 Qd7 20. Bxb7 Qxb7 21. Rc1 Qa6 22.
Rc7 Bf6 23. Bxf6 Nxf6 24. e4 Qxa2 25. Qc2 g4 26. Rc8 gxf3 27. Rxf8+ Kxf8 28. gxf3
g6 29. Qc3 Kg7 30. d5 exd5 31. e5 Ne8 32. e6+ Nf6 33. exf7 Kxf7 34. Qc7+ Ke6 35.
Re1+ Ne4 36. fxe4 Qxb2 37. exd5+ Kxd5 38. Rd1+ Ke4 39. Qe7+ Kf3 40. Rf1+ Kg4 41.
Qe4+ Kh5 42. Qf3+ Kg5 43. Qf4+ Kh5 44. Rf3 Qb1+ 45. Kg2 Qc2+ 46. Kg3 g5 47. Qf7+
Qg6 48. Qxg6+ Kxg6 49. Ra3 g4 50. Rxa7 Kf5 51. Rb7 Ke4 52. Rxb6 Kd5 53. Kxg4 Kd4
54. Re6 Kd5 55. Kf5 Kd4 56. Re5 Kd3 57. Re4 Kc3 58. Ke5 Kd3 59. Kd5 Kc3 60. Rd4 Kb3
61. Rc4 Kb2 62. Kd4 Kb3 63. Kd3 Kb2 64. Rc3 Ka2 65. Kc2 Ka1 66. Ra3#  1-0

[Event "30th 4NCL Congress"]
[Site "Daventry"]
[Date "2023.06.16"]
[Round "1"]
[Board "26"]
[White "Yzeiraj, Diamant"]
[Black "Rida, Ruqayyah"]
[Result "1-0"]
[WhiteElo "1686"]
[BlackElo "2078"]
[PlyCount "63"]
[EventDate "2023.06.16"]
[EventRounds "5"]
[EventCountry "ENG"]

1. e4 e5 2. Nf3 Nc6 3. Bc4 Bc5 4. c3 Nf6 5. d4 exd4 6. cxd4 Bb4+ 7. Bd2 Nxe4 8. Bxb4
Nxb4 9. Bxf7+ Kxf7 10. Qb3+ Kf8 11. Qxb4+ Qe7 12. Qxe7+ Kxe7 13. Nc3 Nxc3 14. bxc3
d6 15. d5 Bf5 16. O-O-O Kd7 17. Nd4 Be4 18. c4 c6 19. Rhe1 cxd5 20. cxd5 Rac8+ 21.
Kb2 Bxd5 22. Nf5 Rc5 23. Re7+ Kc6 24. Rxg7 Rb5+ 25. Ka1 Kb6 26. Nxd6 Ra5 27. Nxb7
Bxb7 28. Rb1+ Kc6 29. Rbxb7 Re8 30. Rbe7 Rf8 31. Ref7 Rd8 32. Rf6+  1-0